Statistics for General Knowledge Quiz #14

Click here to take the quiz!

General Stats

  • This quiz has been taken 93,704 times
    (39,454 since last reset)
  • The average score is 13 of 20

Answer Stats

Question Answer % Correct
What is the second most common language in the United States?Spanish
94%
What is the last name of sisters Kourtney and Khloe?Kardashian
93%
What country is Tasmania a part of?Australia
84%
According to the Bible, what town was Jesus born in?Bethlehem
83%
What model of cars are affectionately called "bugs"?Volkswagen Beetle
79%
What is the name of Dorothy's dog in "The Wizard of Oz"?Toto
77%
What country is Flanders a part of?Belgium
70%
What word means the study and practice of making maps?Cartography
66%
What do the letters ROYGBIV represent?Colors of the Rainbow
64%
What sport gave birth to slang terms such as "hang loose" and "tubular"?Surfing
64%
What is the largest city in Arizona?Phoenix
62%
What Greek god was considered to be the same as the Roman god Jupiter?Zeus
62%
Who is "able to leap tall buildings in a single bound"?Superman
60%
What ancient Hindu text could be described as a sex manual?Kama Sutra
60%
Who sang "Folsom Prison Blues"?Johnny Cash
50%
Who wrote the story on which the movie "The Shawshank Redemption" is based?Stephen King
46%
What country has been led by Benazir Bhutto and Pervez Musharraf?Pakistan
41%
During what holiday is it traditional to eat Matzo?Passover
38%
Coho, Chinook, and Sockeye are types of what animal?Salmon
34%
What type of camel has two humps?Bactrian
22%

Score Distribution

Percentile by Number Answered

Percent of People with Each Score

Your Score History

You have not taken this quiz since the last reset